000
00272nam a2200109Ia 4500
008
190907s9999||||xx |||||||||||||| ||und||
100
_a
Chawla, Gupta, Sharma
245
0
_a
Operations Research
260
_a
New Delhi
_b
Tata McGraw Hill
_c
2008
300
_a
250
942
_c
BK
999
_c
6399
_d
6399